Cold war Dates - Statistics

General Stats
  • This quiz has been taken 55 times
  • The average score is 14 of 15
Answer Stats
Question Answer % Correct
Berlin Blockade 1948
98%
Berlin Airlift 1948
98%
NATO's formation 1949
98%
End of Berlin blockade 1949
98%
Commie victory in Chinese Civil war 1949
98%
Comecon? 1949
98%
Yalta Confrence 1945
96%
Potsdam Confrence 1945
96%
Truman doctrine 1947
96%
Marshall plan 1947
96%
Comiform? 1947
96%
Kennan's Long Telegram 1946
92%
Iron Curtain speech 1946
92%
Soviet Union leader? Stalin
69%
USA's Leader? Truman
67%
No matching quizzes found
Score Distribution
Percent of People with Each Score
Percentile by Number Answered
Your Score History
You have not taken this quiz